000 00686nam a2200229Ia 4500
003 OSt
005 20221006164420.0
006 a|||||r|||| 00| 0
007 ta
008 221006b |||||||| |||| 00| 0 eng d
024 _a7,099
037 _cTextual
040 _aFML
_cFML
_beng
041 _2eng
_aeng
082 _aNR44v ' M, G4 ; M5
100 _aBhathkhande Vishnu Narayan Au.
_9676450
245 0 _aA Short Historical Survey Of The Music Of Upper India
260 _aBaroda
_bIndian Musicological Society India
_c1985
300 _a43
_ccm.
942 _hNR44v ' M, G4 ; M5
_cTEXL
_2CC
999 _c1117194
_d1117194